[Event "February TNT"]
[Site "Winnipeg CAN"]
[Date "2014.02.04"]
[Round "1.4"]
[White "Czarny, Keith"]
[Black "Evans, Jason"]
[Result "1-0"]
[WhiteElo "1770"]
[BlackElo "1288"]
[PlyCount "75"]
[EventDate "2014.02.04"]
[EventType "swiss"]
[EventRounds "4"]
[EventCountry "CAN"]

1. Nf3 d5 2. g3 Nf6 3. Bg2 Nc6 4. O-O e5 5. d3 Bc5 6. Bg5 Be6 7. Nc3 Qd7 8.
Bxf6 gxf6 9. Rc1 f5 10. a3 O-O-O 11. b4 Be7 12. b5 e4 13. bxc6 Qxc6 14. Nd4
Qxc3 15. Nb5 Qc5 16. c4 dxc4 17. a4 Bf6 18. Qc2 a6 19. Nc3 Bxc3 20. Qxc3 Qd4
21. Qa3 e3 22. f4 h5 23. Qb4 cxd3 24. Qxb7+ Kd7 25. Rxc7+ Ke8 26. Bf3 Bd5 27.
Bxd5 Qxd5 28. exd3 Qxb7 29. Rxb7 Rd7 30. Rb6 h4 31. Re1 hxg3 32. Rxe3+ Kf8 33.
Rb8+ Kg7 34. Rxg3+ Kf6 35. Rxh8 Rd6 36. Rh6+ Ke7 37. Rxd6 Kxd6 38. Kf2 1-0

[Event "February TNT"]
[Site "Winnipeg CAN"]
[Date "2014.02.04"]
[Round "1.4"]
[White "Czypinski, Jaroslaw"]
[Black "Leaden, Bruce"]
[Result "1-0"]
[WhiteElo "1970"]
[BlackElo "1550"]
[Annotator "Bruce Leaden"]
[PlyCount "65"]
[EventDate "2014.02.04"]
[EventType "swiss"]
[EventRounds "4"]
[EventCountry "CAN"]

1. b3 e5 2. Bb2 Nc6 3. e3 d5 4. Bb5 Bd7 5. Nf3 e4 6. Nd4 Nxd4 7. Bxd7+ Qxd7 8.
Bxd4 Nf6 9. Qe2 Be7 10. O-O O-O 11. f3 c5 12. Bb2 Rac8 13. d3 exd3 14. cxd3 d4
15. e4 h6 16. Nd2 Qc7 17. f4 Nh7 18. Rac1 f6 19. Bxd4 Qd7 20. Bb2 Rfd8 21. Rf3
b6 22. Nf1 b5 23. Nd2 c4 24. bxc4 Bc5+ 25. Kf1 Bd4 26. Bxd4 Qxd4 27. Nb3 Qb6
28. c5 Qc7 29. d4 Nf8 30. d5 a6 31. c6 Qd6 32. Nc5 Re8 33. Qd3 1-0

[Event "February TNT"]
[Site "Winnipeg CAN"]
[Date "2014.02.04"]
[Round "1.4"]
[White "Faraj, Raphael"]
[Black "Raihman, Igal"]
[Result "0-1"]
[WhiteElo "1598"]
[BlackElo "1980"]
[PlyCount "125"]
[EventDate "2014.02.04"]
[EventType "swiss"]
[EventRounds "4"]
[EventCountry "CAN"]

1. e4 e5 2. Nf3 Nc6 3. Bb5 Bd6 4. b3 Nd4 5. Nxd4 exd4 6. Bb2 Bc5 7. Bc4 Nf6 8.
e5 Ne4 9. Qg4 Ng5 10. Qf4 Ne6 11. Qg3 Qg5 12. Bxe6 Qxg3 13. Bxf7+ Kxf7 14. hxg3
d6 15. exd6 cxd6 16. d3 Re8+ 17. Kd1 h6 18. Nd2 Bf5 19. Nf3 Bg4 20. Rh4 Bxf3+
21. gxf3 Bb4 22. Rh1 Bc3 23. Bxc3 dxc3 24. Re1 b5 25. Re3 d5 26. d4 b4 27. a4
a5 28. Ke2 Ra6 29. Rh1 g5 30. g4 Rf8 31. Re5 Rd6 32. f4 gxf4 33. Kf3 Kg6 34.
Rhe1 Rfd8 35. Kxf4 Rf8+ 36. Kg3 Rfd8 37. f4 Kf6 38. Rh1 Kg7 39. f5 Kf7 40. Rhe1
Kf8 41. Re6 Rxe6 42. Rxe6 Kg7 43. Kh4 Rf8 44. Kh5 Rh8 45. Re7+ Kf6 46. Re6+ Kg7
47. Ra6 Re8 48. f6+ Kf7 49. Kxh6 Re2 50. Kg5 Rxc2 51. Ra7+ Ke6 52. Re7+ Kd6 53.
Re1 Rf2 54. Kg6 c2 55. f7 Kd7 56. Kg7 Re2 57. Rc1 Re7 58. Kg8 Kd8 59. f8=Q+ Re8
60. Qxe8+ Kxe8 61. Rxc2 Kd8 62. Kf7 Kd7 63. g5 0-1

[Event "February TNT"]
[Site "Winnipeg CAN"]
[Date "2014.02.04"]
[Round "1.4"]
[White "Kernetsky, Myron"]
[Black "Campbell, Jamie"]
[Result "1/2-1/2"]
[WhiteElo "2059"]
[BlackElo "1728"]
[PlyCount "69"]
[EventDate "2014.02.04"]
[EventType "swiss"]
[EventRounds "4"]
[EventCountry "CAN"]

1. d4 Nf6 2. c4 e5 3. dxe5 Ne4 4. Nf3 Bb4+ 5. Bd2 Nxd2 6. Nbxd2 Nc6 7. a3 Bxd2+
8. Qxd2 Qe7 9. Qc3 O-O 10. e3 Re8 11. Be2 Nxe5 12. O-O d6 13. h3 Qf6 14. Nd4
Qg6 15. Kh2 Bd7 16. f4 c5 17. fxe5 cxd4 18. exd4 dxe5 19. dxe5 Bc6 20. Bf3 Bxf3
21. Rxf3 Re7 22. Re1 Rae8 23. Rfe3 Qf5 24. Qd4 b6 25. Qd5 Qf4+ 26. Kg1 Re6 27.
Re4 Qg3 28. R1e3 Qg5 29. b4 Qe7 30. Kh2 a6 31. Rd4 h6 32. Rf4 Qg5 33. Rfe4 Qe7
34. Rf4 Qg5 35. Rfe4 1/2-1/2

[Event "February TNT"]
[Site "Winnipeg CAN"]
[Date "2014.02.04"]
[Round "1.4"]
[White "Kraus, Dean"]
[Black "Einarsson, Ken"]
[Result "0-1"]
[WhiteElo "1142"]
[BlackElo "1754"]
[PlyCount "84"]
[EventDate "2014.02.04"]
[EventType "swiss"]
[EventRounds "4"]
[EventCountry "CAN"]

1. e4 c6 2. d4 d5 3. exd5 cxd5 4. Nf3 Bf5 5. Nc3 Nf6 6. Bb5+ Nbd7 7. O-O e6 8.
Re1 Be7 9. Bg5 O-O 10. a4 h6 11. Be3 a6 12. Be2 Bb4 13. Ra2 Ne4 14. Nxe4 Bxe1
15. Nd6 Bb4 16. Nxb7 Qb6 17. Nc5 Nxc5 18. dxc5 Bxc5 19. a5 Qc7 20. Ra3 Bxa3 21.
bxa3 Qxc2 22. Qxc2 Bxc2 23. Ne5 f6 24. Nd7 Rfd8 25. Nc5 d4 26. Bf4 e5 27. Bg3
d3 28. Nxd3 Bxd3 29. Bxd3 Rxd3 30. f3 Rb8 31. f4 Rxa3 32. fxe5 Rxg3 33. hxg3
fxe5 34. g4 Rf8 35. Kh1 g5 36. Kh2 e4 37. Kh3 e3 38. Kh2 e2 39. Kh3 e1=Q 40.
Kh2 Rf1 41. g3 Qf2+ 42. Kh3 Rh1# 0-1

[Event "February TNT"]
[Site "Winnipeg CAN"]
[Date "2014.02.04"]
[Round "1.4"]
[White "Magyar, Peter"]
[Black "Swift, Ryne"]
[Result "0-1"]
[WhiteElo "1591"]
[BlackElo "1975"]
[PlyCount "86"]
[EventDate "2014.02.04"]
[EventType "swiss"]
[EventRounds "4"]
[EventCountry "CAN"]

1. e4 e5 2. Nf3 Nc6 3. Nc3 Nf6 4. Bc4 Be7 5. O-O O-O 6. Re1 d6 7. h3 h6 8. a3
a6 9. d3 b5 10. Ba2 Bb7 11. Nd5 Nxd5 12. Bxd5 Na5 13. Ba2 c5 14. b4 Nc6 15. Bd5
Qc7 16. c3 a5 17. bxc5 dxc5 18. Be3 Bd6 19. Nh4 a4 20. Nf5 Bc8 21. Qg4 Bxf5 22.
exf5 Kh7 23. Be4 f6 24. Qg6+ Kh8 25. Bd2 Ra6 26. Re3 Qf7 27. Rg3 Qxg6 28. Rxg6
Kh7 29. Re1 Rf7 30. Re3 Rfa7 31. Reg3 b4 32. Bd5 Bf8 33. Bxh6 gxh6 34. Bg8+ Kh8
35. Bc4 Ne7 36. Bxa6 Nxg6 37. fxg6 Rxa6 38. Re3 b3 39. Re1 Kg7 40. g4 c4 41.
dxc4 Bxa3 42. h4 Kxg6 43. Kg2 Bb2 0-1

[Event "February TNT"]
[Site "Winnipeg CAN"]
[Date "2014.02.04"]
[Round "1.4"]
[White "Raihman, Daniel"]
[Black "Platt, Alex"]
[Result "0-1"]
[WhiteElo "1675"]
[BlackElo "2014"]
[PlyCount "84"]
[EventDate "2014.02.04"]
[EventType "swiss"]
[EventRounds "4"]
[EventCountry "CAN"]

1. e4 Nf6 2. Nc3 d5 3. d3 d4 4. e5 dxc3 5. exf6 cxb2 6. Bxb2 exf6 7. Qd2 Be6 8.
Ne2 Be7 9. Nf4 O-O 10. g3 Bd5 11. Bg2 Bxg2 12. Nxg2 Qd5 13. O-O c5 14. c4 Qd7
15. Ne3 Na6 16. Nd5 Nc7 17. Nf4 Bd6 18. Ne2 Be5 19. d4 cxd4 20. f4 Bd6 21. Bxd4
Bc5 22. Qb2 Ne6 23. Rad1 Nxd4 24. Rxd4 Bxd4+ 25. Qxd4 Qxd4+ 26. Nxd4 Rfd8 27.
Nf5 Kf8 28. Rb1 b6 29. Rb2 Rd1+ 30. Kf2 Rc8 31. Ne3 Rd4 32. a4 Rc5 33. Rb5 Rxb5
34. axb5 Rd2+ 35. Kf3 Rxh2 36. Ke4 Re2 37. Kd3 Rxe3+ 38. Kxe3 Ke7 39. g4 Kd6
40. Kd4 h6 41. c5+ bxc5+ 42. Kc4 g6 0-1

[Event "February TNT"]
[Site "Winnipeg CAN"]
[Date "2014.02.04"]
[Round "1.4"]
[White "Remillard, John"]
[Black "Atem, James"]
[Result "1-0"]
[WhiteElo "1603"]
[BlackElo "1918"]
[PlyCount "63"]
[EventDate "2014.02.04"]
[EventType "swiss"]
[EventRounds "4"]
[EventCountry "CAN"]

1. f4 Nf6 2. Nf3 d5 3. d3 c6 4. g3 Bg4 5. Bg2 Qb6 6. Nbd2 Nbd7 7. h3 Be6 8. c3
a6 9. Qc2 g6 10. Nf1 Bg7 11. Be3 Qc7 12. g4 Nb8 13. N1d2 O-O 14. O-O-O c5 15.
Ne5 Nfd7 16. d4 f6 17. Nd3 cxd4 18. Bxd4 Qxf4 19. Nxf4 Bf7 20. Bxd5 e5 21.
Bxf7+ Rxf7 22. Bxe5 Nxe5 23. Qb3 Nbc6 24. Nf3 Rc8 25. Nxe5 Nxe5 26. Ne6 Bh6+
27. g5 fxg5 28. Rd8+ Rxd8 29. Nxd8 g4+ 30. Kc2 Bg5 31. Nxf7 Nxf7 32. Rf1 1-0

[Event "February TNT"]
[Site "Winnipeg CAN"]
[Date "2014.02.04"]
[Round "1.4"]
[White "Roy, Rayan"]
[Black "Baron, Gustav"]
[Result "0-1"]
[WhiteElo "1416"]
[BlackElo "1898"]
[PlyCount "56"]
[EventDate "2014.02.04"]
[EventType "swiss"]
[EventRounds "4"]
[EventCountry "CAN"]

1. e4 e6 2. d4 d5 3. Nc3 Nf6 4. Bd3 Bb4 5. e5 Nfd7 6. Bd2 c5 7. a3 cxd4 8. axb4
dxc3 9. Bxc3 Nc6 10. Nf3 Qb6 11. b5 Nd8 12. Bd4 Qc7 13. O-O b6 14. b4 Nf8 15.
Rc1 Qe7 16. Rb1 Ng6 17. Qd2 Nh4 18. Qg5 Nxf3+ 19. gxf3 Qxg5+ 20. Kh1 Qh4 21. c3
f5 22. Rg1 g5 23. Be2 Nf7 24. Be3 Bb7 25. Rbc1 a5 26. c4 d4 27. Bxd4 Qxd4 28.
Rgf1 Qxe5 0-1

[Event "February TNT"]
[Site "Winnipeg CAN"]
[Date "2014.02.04"]
[Round "1.4"]
[White "Wolchock, Theo"]
[Black "Wasserman, Leor"]
[Result "0-1"]
[WhiteElo "1755"]
[BlackElo "2081"]
[PlyCount "52"]
[EventDate "2014.02.04"]
[EventType "swiss"]
[EventRounds "4"]
[EventCountry "CAN"]

1. c4 e5 2. g3 Nc6 3. Nc3 Nf6 4. Bg2 Bc5 5. Nf3 d6 6. O-O O-O 7. d3 h6 8. a3 a5
9. Bd2 Be6 10. Qc2 Qd7 11. Na4 Bg4 12. Nxc5 dxc5 13. Bc3 Rfe8 14. Rad1 Nd4 15.
Bxd4 exd4 16. Rfe1 Re7 17. e3 dxe3 18. Rxe3 Rxe3 19. fxe3 Rd8 20. Rd2 Bf5 21.
Qc3 a4 22. Ne5 Qd6 23. Rf2 Bh7 24. Bd5 Nxd5 25. Nxf7 Nxc3 26. Nxd6 Rxd6 0-1

[Event "February TNT"]
[Site "Winnipeg CAN"]
[Date "2014.02.11"]
[Round "2.4"]
[White "Atem, James"]
[Black "Kernetsky, Myron"]
[Result "1-0"]
[WhiteElo "1918"]
[BlackElo "2059"]
[PlyCount "89"]
[EventDate "2014.02.04"]
[EventType "swiss"]
[EventRounds "4"]
[EventCountry "CAN"]

1. e4 e6 2. Nc3 d5 3. exd5 exd5 4. d4 c6 5. Nf3 Bd6 6. Bg5 Ne7 7. Qd2 Bf5 8.
O-O-O Nd7 9. Re1 Nf8 10. Bxe7 Bxe7 11. Qg5 Bg6 12. Bd3 Ne6 13. Rxe6 fxe6 14.
Bxg6+ hxg6 15. Qxg6+ Kf8 16. Qxe6 Rh6 17. Qf5+ Kg8 18. Re1 Qd6 19. Kb1 Rf8 20.
Qg4 Rg6 21. Qh3 Bd8 22. Qc8 Rxg2 23. Ne5 Rgxf2 24. Qh3 Bb6 25. Nd1 R2f4 26. c3
Bc7 27. a3 Qf6 28. Ka2 Bxe5 29. Rxe5 Qg6 30. Rh5 R4f5 31. Rh4 Qe6 32. Ne3 R5f6
33. Ng4 Rg6 34. Rh8+ Kf7 35. Ne5+ Ke7 36. Qh4+ Ke8 37. Nxg6 Qxg6 38. Qe1+ Kf7
39. Rh3 Kg8 40. Qh4 Qf6 41. Qh7+ Kf7 42. Qh5+ Ke7 43. Re3+ Kd6 44. Rg3 Rf7 45.
Rg6 1-0

[Event "February TNT"]
[Site "Winnipeg CAN"]
[Date "2014.02.11"]
[Round "2.4"]
[White "Baron, Gustav"]
[Black "Clark, Jeff"]
[Result "1-0"]
[WhiteElo "1898"]
[BlackElo "1996"]
[PlyCount "89"]
[EventDate "2014.02.04"]
[EventType "swiss"]
[EventRounds "4"]
[EventCountry "CAN"]

1. f4 Nf6 2. Nf3 c5 3. b3 Nc6 4. Bb2 d6 5. e3 a6 6. c4 e6 7. Be2 Be7 8. O-O O-O
9. Na3 b6 10. Nc2 Bb7 11. Qe1 Ne4 12. d3 Bf6 13. Bxf6 Nxf6 14. Qh4 Nd7 15. Qf2
Qf6 16. d4 Rfd8 17. g3 Ne7 18. Rad1 Rac8 19. a4 cxd4 20. exd4 Nd5 21. Bd3 Nc3
22. Rde1 Bxf3 23. Qxf3 d5 24. Bxh7+ Kxh7 25. Qxc3 dxc4 26. bxc4 Nc5 27. Re5
Nxa4 28. Qb3 b5 29. cxb5 axb5 30. Rxb5 Nc3 31. Re5 Qg6 32. f5 exf5 33. Rfxf5
Ne2+ 34. Kf2 Nxd4 35. Nxd4 Rxd4 36. Rh5+ Kg8 37. Qc3 Qf6+ 38. Kg2 Qd8 39. Qf3
Rc2+ 40. Kh3 Rdd2 41. Kg4 g6 42. Rhg5 Qd4+ 43. Qf4 Qd7+ 44. Qf5 Qa4+ 45. Re4 {
and in time trouble the following happened... 45...Qd8 (illegal move, but
stood) 46. Rxg6+ fxg6 47.Qxg6+ Kf8 48. Rf4+ Ke7 49. Rf7+ Ke8 50.Qg8#} 1-0

[Event "February TNT"]
[Site "Winnipeg CAN"]
[Date "2014.02.11"]
[Round "2.4"]
[White "Boron, Anthony"]
[Black "Czarny, Keith"]
[Result "1-0"]
[WhiteElo "1994"]
[BlackElo "1770"]
[PlyCount "63"]
[EventDate "2014.02.04"]
[EventType "swiss"]
[EventRounds "4"]
[EventCountry "CAN"]

1. e4 Nf6 2. e5 Nd5 3. c4 Nb6 4. c5 Nd5 5. Bc4 e6 6. d4 Be7 7. Bxd5 exd5 8. Nc3
c6 9. Qg4 g6 10. Qe2 b5 11. a3 a5 12. Nf3 Na6 13. O-O Nc7 14. Bh6 Ne6 15. Be3
a4 16. Na2 h6 17. Nb4 Ng5 18. Nd2 Ne6 19. f4 h5 20. f5 gxf5 21. Rxf5 Ng7 22.
Rf3 Bg5 23. Raf1 Bxe3+ 24. Qxe3 O-O 25. Qh6 Qh4 26. Rf4 Qe7 27. R1f3 f5 28.
exf6 Qe1+ 29. Nf1 Ne6 30. Qg6+ Kh8 31. Qxh5+ Kg8 32. Rg4+ 1-0

[Event "February TNT"]
[Site "Winnipeg CAN"]
[Date "2014.02.11"]
[Round "2.4"]
[White "Campbell, Jamie"]
[Black "Wolchock, Theo"]
[Result "0-1"]
[WhiteElo "1728"]
[BlackElo "1755"]
[PlyCount "40"]
[EventDate "2014.02.04"]
[EventType "swiss"]
[EventRounds "4"]
[EventCountry "CAN"]

1. Nc3 e5 2. Nf3 Nc6 3. g3 d5 4. d3 f5 5. Bg2 Nf6 6. Bg5 Be7 7. O-O d4 8. Nb5
a6 9. Na3 Be6 10. Nc4 Bxc4 11. dxc4 e4 12. Ne1 h6 13. Bxf6 Bxf6 14. e3 O-O 15.
exd4 Nxd4 16. c3 Nc6 17. Qb3 Na5 18. Qb4 b6 19. Nc2 Qe8 20. Ne3 Be7 0-1

[Event "February TNT"]
[Site "Winnipeg CAN"]
[Date "2014.02.11"]
[Round "2.4"]
[White "Einarsson, Ken"]
[Black "Raihman, Igal"]
[Result "0-1"]
[WhiteElo "1754"]
[BlackElo "1980"]
[PlyCount "80"]
[EventDate "2014.02.04"]
[EventType "swiss"]
[EventRounds "4"]
[EventCountry "CAN"]

1. d4 d5 2. c4 e6 3. Nc3 Nf6 4. e3 Be7 5. Nf3 O-O 6. Qc2 b6 7. cxd5 exd5 8. Bd3
c5 9. O-O Nc6 10. a3 Bg4 11. Be2 Bxf3 12. Bxf3 cxd4 13. Nxd5 Rc8 14. Nxf6+ Bxf6
15. Rd1 Ne5 16. Qe4 d3 17. Rd2 Re8 18. Qd5 Qe7 19. Bd1 Red8 20. Qb3 Qd6 21. f4
Nc4 22. Rf2 d2 23. Bg4 d1=Q+ 24. Bxd1 Qxd1+ 25. Qxd1 Rxd1+ 26. Rf1 Rcd8 27. Rb1
Rxf1+ 28. Kxf1 Rd1+ 29. Ke2 Rg1 30. Kf2 Rh1 31. h3 Bxb2 32. Rxb2 Nxb2 33. Bxb2
Rb1 34. Bc3 Rb3 35. Bb4 a5 36. Bd6 b5 37. e4 b4 38. axb4 a4 39. Bc5 a3 40. b5
a2 0-1

[Event "February TNT"]
[Site "Winnipeg CAN"]
[Date "2014.02.11"]
[Round "2.4"]
[White "Evans, Jason"]
[Black "Magyar, Peter"]
[Result "1/2-1/2"]
[WhiteElo "1288"]
[BlackElo "1591"]
[PlyCount "81"]
[EventDate "2014.02.04"]
[EventType "swiss"]
[EventRounds "4"]
[EventCountry "CAN"]

1. e4 e6 2. d4 d5 3. Nc3 c5 4. Nf3 Nc6 5. Be2 Nf6 6. Bg5 Be7 7. e5 Nd7 8. h4 h6
9. Bxe7 Nxe7 10. Qd2 O-O 11. g4 cxd4 12. Qxd4 Nc6 13. Qe3 Qc7 14. Nb5 Qb8 15.
O-O-O Ncxe5 16. Nxe5 Nxe5 17. f4 Nc6 18. g5 h5 19. Bxh5 g6 20. Be2 a6 21. Nd4
Bd7 22. h5 Kg7 23. hxg6 fxg6 24. Rdf1 Qa7 25. Nxe6+ Bxe6 26. Qxe6 Rae8 27. Qd7+
Re7 28. Qh3 Qe3+ 29. Qxe3 Rxe3 30. Bd3 Nb4 31. Re1 Nxd3+ 32. cxd3 Rfe8 33. Rxe3
Rxe3 34. Kd2 Rf3 35. Re1 Rxf4 36. Re7+ Rf7 37. Rxf7+ Kxf7 38. Ke3 Ke6 39. Kd4
Kd6 40. b4 b6 41. a4 1/2-1/2

[Event "February TNT"]
[Site "Winnipeg CAN"]
[Date "2014.02.11"]
[Round "2.4"]
[White "Faraj, Raphael"]
[Black "Kraus, Dean"]
[Result "1-0"]
[WhiteElo "1598"]
[BlackElo "1142"]
[PlyCount "59"]
[EventDate "2014.02.04"]
[EventType "swiss"]
[EventRounds "4"]
[EventCountry "CAN"]

1. d4 d5 2. e3 e6 3. Nf3 Bd7 4. c4 Nc6 5. cxd5 exd5 6. Qb3 Nge7 7. Nc3 Be6 8.
Be2 Na5 9. Qa4+ Nac6 10. Ne5 Nf5 11. Nxc6 Qd7 12. Ne5 Rd8 13. Nxd7 Rxd7 14.
Qxa7 Nd6 15. Qb8+ Ke7 16. Bf3 b5 17. Bxd5 b4 18. Qxb4 Bf5 19. e4 Bg6 20. e5 Ke8
21. Qb8+ Rd8 22. Bc6+ Ke7 23. Qxc7+ Ke6 24. Bd5+ Kf5 25. g4+ Kxg4 26. Rg1+ Kh5
27. Bf3+ Kh4 28. Qxd8+ Kh3 29. Rg3+ Kxh2 30. Qh4# 1-0

[Event "February TNT"]
[Site "Winnipeg CAN"]
[Date "2014.02.11"]
[Round "2.4"]
[White "Leaden, Bruce"]
[Black "Raihman, Daniel"]
[Result "0-1"]
[WhiteElo "1550"]
[BlackElo "1675"]
[PlyCount "46"]
[EventDate "2014.02.04"]
[EventType "swiss"]
[EventRounds "4"]
[EventCountry "CAN"]

1. e4 c5 2. Nc3 Nc6 3. f4 e6 4. Nf3 d6 5. Bb5 Bd7 6. d3 a6 7. Bxc6 Bxc6 8. O-O
Qc7 9. f5 Nf6 10. Bg5 Be7 11. h3 d5 12. fxe6 fxe6 13. exd5 exd5 14. Qe1 O-O 15.
Qh4 Bd6 16. Bxf6 Rxf6 17. Ng5 h6 18. Rxf6 gxf6 19. Nf3 Kh7 20. Re1 Bg3 21. Re7+
Qxe7 22. Qxg3 Qe3+ 23. Kh2 Rg8 0-1

[Event "February TNT"]
[Site "Winnipeg CAN"]
[Date "2014.02.11"]
[Round "2.4"]
[White "Platt, Alex"]
[Black "De Groot, Steven"]
[Result "1-0"]
[WhiteElo "2014"]
[BlackElo "1912"]
[PlyCount "103"]
[EventDate "2014.02.04"]
[EventType "swiss"]
[EventRounds "4"]
[EventCountry "CAN"]

1. d4 Nf6 2. c4 g6 3. Nc3 d5 4. cxd5 Nxd5 5. e4 Nxc3 6. bxc3 Bg7 7. Bc4 O-O 8.
Ne2 c5 9. O-O cxd4 10. cxd4 Nc6 11. Be3 Na5 12. Bd3 Nc6 13. Bc2 b6 14. Ba4 Bb7
15. Rc1 Na5 16. Qd3 Qd6 17. a3 Rac8 18. Rfd1 Rfd8 19. f3 a6 20. Bb3 Nxb3 21.
Qxb3 Rxc1 22. Rxc1 e6 23. Qc3 Rc8 24. Qxc8+ Bxc8 25. Rxc8+ Bf8 26. Bh6 Qxa3 27.
Rxf8+ Qxf8 28. Bxf8 Kxf8 29. Kf2 Ke7 30. Ke3 Kd6 31. Kd3 b5 32. e5+ Kc6 33. Nc3
a5 34. Ne4 a4 35. Kc3 a3 36. Kb3 b4 37. Nd6 f6 38. Nc4 fxe5 39. dxe5 Kd5 40. f4
a2 41. Ne3+ Ke4 42. Nc2 a1=Q 43. Nxa1 Kxf4 44. Kxb4 Kxe5 45. Kc4 h5 46. Kd3 Kf4
47. Nb3 e5 48. Nc5 g5 49. Ne4 h4 50. Nd2 g4 51. Ke2 e4 52. Nf1 1-0

[Event "February TNT"]
[Site "Winnipeg CAN"]
[Date "2014.02.11"]
[Round "2.4"]
[White "Reimer, Bruce"]
[Black "Roy, Rayan"]
[Result "1-0"]
[WhiteElo "1619"]
[BlackElo "1406"]
[PlyCount "85"]
[EventDate "2014.02.04"]
[EventType "swiss"]
[EventRounds "4"]
[EventCountry "CAN"]

1. c4 c5 2. Nc3 Nf6 3. g3 g6 4. Bg2 Bg7 5. e4 d6 6. Nge2 O-O 7. O-O Nc6 8. d3
Bd7 9. Be3 e5 10. h3 Be6 11. Qd2 Re8 12. Bh6 Bh8 13. f4 exf4 14. Nxf4 Ne5 15.
Rf2 Bg7 16. Bg5 h6 17. Nxe6 Rxe6 18. Bxf6 Rxf6 19. Re1 Rxf2 20. Qxf2 Qe7 21.
Nd5 Qd8 22. Qe2 Rc8 23. h4 Rb8 24. Bh3 b5 25. cxb5 Rxb5 26. d4 Rb7 27. dxe5
dxe5 28. Qf2 c4 29. Rc1 c3 30. Rxc3 Rb8 31. Rc7 Qf8 32. Rxa7 Rd8 33. Rc7 Qe8
34. b4 f6 35. Ra7 Bh8 36. a4 Ra8 37. Rxa8 Qxa8 38. a5 Qe8 39. Qc5 Bg7 40. Qc8
Qxc8 41. Ne7+ Kf8 42. Nxc8 Ke8 43. a6 1-0

[Event "February TNT"]
[Site "Winnipeg CAN"]
[Date "2014.02.11"]
[Round "2.4"]
[White "Swift, Ryne"]
[Black "Remillard, John"]
[Result "0-1"]
[WhiteElo "1975"]
[BlackElo "1603"]
[PlyCount "102"]
[EventDate "2014.02.04"]
[EventType "swiss"]
[EventRounds "4"]
[EventCountry "CAN"]

1. e4 c5 2. Nf3 d6 3. d4 cxd4 4. Nxd4 Nf6 5. Nc3 a6 6. Be3 e5 7. Nb3 Be7 8. f3
Be6 9. Qd2 Qc7 10. O-O-O O-O 11. g4 b5 12. g5 Ne8 13. h4 Nc6 14. h5 Na5 15. g6
Nxb3+ 16. axb3 Qa5 17. h6 fxg6 18. Bh3 Bxh3 19. Qd5+ Kh8 20. Qxa8 Bd7 21. Qd5
Rxf3 22. Qd2 b4 23. Nb1 Qc7 24. Rdf1 Bg4 25. Rxf3 Bxf3 26. Rh2 Bxe4 27. Qxb4 d5
28. Qa4 Nf6 29. Nc3 Qc8 30. Nxe4 Nxe4 31. Qa5 Nc5 32. Qb6 d4 33. Qa7 Bf6 34.
hxg7+ Bxg7 35. Bh6 Bxh6+ 36. Rxh6 Nd7 37. Kd2 Kg7 38. Rh1 h5 39. Ra1 Kh6 40.
Qxa6 Qc5 41. Qc4 Qe7 42. Qc8 Qg5+ 43. Ke2 Qe3+ 44. Kf1 Nf6 45. Kg2 Qe2+ 46. Kg1
Ng4 47. Qh8+ Kg5 48. Qd8+ Kf4 49. Qh4 g5 50. Rf1+ Qxf1+ 51. Kxf1 gxh4 0-1

[Event "February TNT"]
[Site "Winnipeg CAN"]
[Date "2014.02.11"]
[Round "2.4"]
[White "Wasserman, Leor"]
[Black "Czypinski, Jaroslaw"]
[Result "1/2-1/2"]
[WhiteElo "2081"]
[BlackElo "1970"]
[PlyCount "47"]
[EventDate "2014.02.04"]
[EventType "swiss"]
[EventRounds "4"]
[EventCountry "CAN"]

1. e4 d5 2. exd5 Qxd5 3. Nc3 Qe5+ 4. Be2 c6 5. Nf3 Qc7 6. d4 Bf5 7. O-O e6 8.
Re1 Nd7 9. Bd3 Bxd3 10. Qxd3 Be7 11. Ne4 h6 12. c4 Ngf6 13. Nxf6+ Nxf6 14. Ne5
Bb4 15. Bd2 Bxd2 16. Qxd2 Qe7 17. Rad1 Rd8 18. Qf4 O-O 19. Qf3 Qb4 20. Re2 Nd7
21. b3 Nxe5 22. Rxe5 Rd7 23. Re4 Rfd8 24. h3 1/2-1/2

[Event "February TNT"]
[Site "Winnipeg CAN"]
[Date "2014.02.18"]
[Round "3.4"]
[White "Baron, Gustav"]
[Black "Boron, Anthony"]
[Result "0-1"]
[WhiteElo "1989"]
[BlackElo "1994"]
[PlyCount "66"]
[EventDate "2014.02.04"]
[EventType "swiss"]
[EventRounds "4"]
[EventCountry "CAN"]

1. c4 e5 2. Nc3 Bb4 3. Na4 Nc6 4. a3 Be7 5. g3 d6 6. Bg2 Bd7 7. d3 Rb8 8. Nc3
Nf6 9. e4 Nd4 10. Nge2 Nc6 11. h3 O-O 12. Be3 Qc8 13. f4 a6 14. a4 Nb4 15. f5
c6 16. Rc1 Qe8 17. g4 d5 18. exd5 cxd5 19. cxd5 h6 20. O-O b5 21. a5 Bc8 22.
Qd2 Bb7 23. Bxh6 Nfxd5 24. Nxd5 Nxd5 25. g5 gxh6 26. f6 Bb4 27. Rc3 Nxc3 28.
bxc3 Bxg2 29. gxh6 Kh7 30. Kxg2 Rg8+ 31. Kh2 Qc6 32. Ng3 Qxc3 33. Qe3 Qd2+ 0-1

[Event "February TNT"]
[Site "Winnipeg CAN"]
[Date "2014.02.18"]
[Round "3.4"]
[White "Czarny, Keith"]
[Black "Reimer, Bruce"]
[Result "1-0"]
[WhiteElo "1770"]
[BlackElo "1619"]
[PlyCount "110"]
[EventDate "2014.02.04"]
[EventType "swiss"]
[EventRounds "4"]
[EventCountry "CAN"]

1. Nc3 g6 2. e4 Bg7 3. Nf3 d6 4. Bc4 e6 5. O-O a6 6. d4 b5 7. Bb3 Bb7 8. Re1
Nd7 9. Bg5 Ne7 10. Qd2 O-O 11. Bh6 c5 12. Bxg7 Kxg7 13. dxc5 Nxc5 14. Rad1 Nxb3
15. axb3 d5 16. exd5 Nxd5 17. Ne4 Rc8 18. Qd4+ Kg8 19. c4 bxc4 20. bxc4 Nb4 21.
Nf6+ Kh8 22. Nd7+ Kg8 23. Nxf8 Qxf8 24. Ne5 Nc2 25. Qc3 Nxe1 26. Qxe1 Qc5 27.
Qc3 Qc7 28. Rd7 Rd8 29. Qd4 Rxd7 30. Nxd7 Qa5 31. h3 Qe1+ 32. Kh2 Qa5 33. c5
Qc7+ 34. Ne5 f6 35. Qd6 Qxd6 36. cxd6 Kf8 37. Nd7+ Kf7 38. Nc5 Bc6 39. Nxa6 Ke8
40. Nc5 Bd5 41. b4 Bc6 42. f4 e5 43. fxe5 fxe5 44. Kg1 e4 45. Kf2 Kf7 46. g3
Kf6 47. Ke3 h5 48. h4 g5 49. hxg5+ Kxg5 50. Nxe4+ Kg4 51. Nf6+ Kg5 52. d7 Bxd7
53. Nxd7 Kf5 54. Nc5 Ke5 55. Nd3+ Kd5 1-0

[Event "February TNT"]
[Site "Winnipeg CAN"]
[Date "2014.02.18"]
[Round "3.4"]
[White "Czypinski, Jaroslaw"]
[Black "Clark, Jeff"]
[Result "1/2-1/2"]
[WhiteElo "1970"]
[BlackElo "1996"]
[PlyCount "78"]
[EventDate "2014.02.04"]
[EventType "swiss"]
[EventRounds "4"]
[EventCountry "CAN"]

1. b3 e5 2. Bb2 Nc6 3. e3 d5 4. Bb5 Bd6 5. f4 Qh4+ 6. g3 Qe7 7. Qe2 Nf6 8. Nf3
Bg4 9. fxe5 Bxf3 10. Qxf3 Bxe5 11. Bxe5 Qxe5 12. Nc3 O-O 13. Qf4 Rfe8 14. Qxe5
Rxe5 15. Bxc6 bxc6 16. O-O Rd8 17. Rf4 Ne4 18. Nxe4 dxe4 19. Rd1 f5 20. g4 g6
21. gxf5 gxf5 22. Kf2 Rdd5 23. c3 Rd3 24. Ke2 Red5 25. c4 Ra5 26. Ra1 Kg7 27.
b4 Re5 28. Rg1+ Kh8 29. Rg5 Ra3 30. Rfxf5 Rxf5 31. Rxf5 Rxa2 32. Rf7 Rc2 33. c5
a5 34. bxa5 Rxc5 35. Rxc7 Rxa5 36. Rxc6 Ra4 37. d4 Ra2+ 38. Kf1 Rxh2 39. Ke1
Kg7 {and drawn in 49} 1/2-1/2

[Event "February TNT"]
[Site "Winnipeg CAN"]
[Date "2014.02.18"]
[Round "3.4"]
[White "De Groot, Steven"]
[Black "Einarsson, Ken"]
[Result "1-0"]
[WhiteElo "1912"]
[BlackElo "1768"]
[PlyCount "55"]
[EventDate "2014.02.04"]
[EventType "swiss"]
[EventRounds "4"]
[EventCountry "CAN"]

1. c4 e5 2. Nc3 c5 3. g3 Nc6 4. Bg2 Nf6 5. d3 Be7 6. e4 Nd4 7. Nge2 d6 8. h3
O-O 9. O-O a6 10. Nxd4 cxd4 11. Ne2 Nd7 12. f4 Qb6 13. f5 Nc5 14. g4 Bd7 15.
Ng3 Bh4 16. Qf3 Bxg3 17. Qxg3 f6 18. g5 fxg5 19. Bxg5 Rf7 20. Rf2 Raf8 21. Kh2
Bxf5 22. exf5 Rxf5 23. Bd5+ Kh8 24. Raf1 Rxf2+ 25. Rxf2 Rxf2+ 26. Qxf2 Nd7 27.
Qf7 Qxb2+ 28. Kg3 1-0